Research Square

Enregistré dans:
Détails bibliographiques
Format: Publication en série
Langue:anglais
Publié: Durham Research Square Company
Tags: Ajouter un tag
Pas de tags, Soyez le premier à ajouter un tag!

MARC

LEADER 00000nls a2200000 4500
001 0271413
005 20230421075257.4
022 |a 2693-5015 
041 0 |a eng 
044 |a US 
245 1 0 |a Research Square 
264 1 |a Durham  |b Research Square Company